<?xml version="1.0" encoding="UTF-8"?>
<collection xmlns="http://www.loc.gov/MARC21/slim">
 <record>
  <leader>01307nam a2200265 a 4500</leader>
  <controlfield tag="001">12901603</controlfield>
  <controlfield tag="008">090602r20052003    nju      b    001 0 eng d</controlfield>
  <datafield tag="010" ind1=" " ind2=" ">
   <subfield code="a">  2002034565</subfield>
  </datafield>
  <datafield tag="020" ind1=" " ind2=" ">
   <subfield code="a">8129701103</subfield>
  </datafield>
  <datafield tag="040" ind1=" " ind2=" ">
   <subfield code="a">DLC</subfield>
   <subfield code="c">DLC</subfield>
   <subfield code="d">DLC</subfield>
  </datafield>
  <datafield tag="082" ind1="0" ind2="0">
   <subfield code="a">658.3/142</subfield>
   <subfield code="2">21</subfield>
  </datafield>
  <datafield tag="100" ind1="1" ind2=" ">
   <subfield code="a">Henderson, Richard I.,</subfield>
   <subfield code="d">1926-</subfield>
   <subfield code="9">77</subfield>
  </datafield>
  <datafield tag="245" ind1="1" ind2="0">
   <subfield code="a">Compensation management in a knowledge-based world /</subfield>
   <subfield code="c">Richard I. Henderson.</subfield>
  </datafield>
  <datafield tag="250" ind1=" " ind2=" ">
   <subfield code="a">9th ed.</subfield>
  </datafield>
  <datafield tag="260" ind1=" " ind2=" ">
   <subfield code="a">Upper Saddle River, NJ :</subfield>
   <subfield code="b">Prentice Hall ;</subfield>
   <subfield code="a">New Delhi :</subfield>
   <subfield code="b"> Pearson Education </subfield>
   <subfield code="c">c2003.[Reprinted 2005]</subfield>
  </datafield>
  <datafield tag="300" ind1=" " ind2=" ">
   <subfield code="a"> 690 p. ;</subfield>
   <subfield code="c">24 cm.</subfield>
  </datafield>
  <datafield tag="504" ind1=" " ind2=" ">
   <subfield code="a">Includes bibliographical references and indexes.</subfield>
  </datafield>
  <datafield tag="541" ind1="1" ind2=" ">
   <subfield code="e">00014319</subfield>
  </datafield>
  <datafield tag="650" ind1=" " ind2="0">
   <subfield code="a">Compensation management.</subfield>
   <subfield code="9">78</subfield>
  </datafield>
  <datafield tag="852" ind1="4" ind2=" ">
   <subfield code="a">Ayesha Abed Library</subfield>
   <subfield code="j">General shelf</subfield>
  </datafield>
  <datafield tag="942" ind1=" " ind2=" ">
   <subfield code="2">ddc</subfield>
   <subfield code="c">BK</subfield>
  </datafield>
  <datafield tag="999" ind1=" " ind2=" ">
   <subfield code="c">921</subfield>
   <subfield code="d">921</subfield>
  </datafield>
  <datafield tag="952" ind1=" " ind2=" ">
   <subfield code="0">0</subfield>
   <subfield code="1">0</subfield>
   <subfield code="2">ddc</subfield>
   <subfield code="4">1</subfield>
   <subfield code="6">658_300000000000000_142_HEN_2005</subfield>
   <subfield code="7">0</subfield>
   <subfield code="9">848</subfield>
   <subfield code="a">BRACUL</subfield>
   <subfield code="b">BRACUL</subfield>
   <subfield code="c">SPS</subfield>
   <subfield code="d">2009-06-02</subfield>
   <subfield code="g">540.00</subfield>
   <subfield code="l">2</subfield>
   <subfield code="o">658.3142 HEN</subfield>
   <subfield code="p">3010014319</subfield>
   <subfield code="r">2014-05-29</subfield>
   <subfield code="s">2014-05-23</subfield>
   <subfield code="t">1</subfield>
   <subfield code="w">2009-06-02</subfield>
   <subfield code="y">BK</subfield>
  </datafield>
  <datafield tag="952" ind1=" " ind2=" ">
   <subfield code="0">0</subfield>
   <subfield code="1">0</subfield>
   <subfield code="2">ddc</subfield>
   <subfield code="4">1</subfield>
   <subfield code="6">658_300000000000000_142_HEN</subfield>
   <subfield code="7">0</subfield>
   <subfield code="9">14443</subfield>
   <subfield code="a">BRACUL</subfield>
   <subfield code="b">BRACUL</subfield>
   <subfield code="c">SPS</subfield>
   <subfield code="d">2011-02-26</subfield>
   <subfield code="l">2</subfield>
   <subfield code="m">7</subfield>
   <subfield code="o">658.3142 HEN</subfield>
   <subfield code="p">3010014320</subfield>
   <subfield code="r">2014-09-09</subfield>
   <subfield code="s">2014-05-27</subfield>
   <subfield code="t">2</subfield>
   <subfield code="w">2011-02-26</subfield>
   <subfield code="y">BK</subfield>
  </datafield>
  <datafield tag="952" ind1=" " ind2=" ">
   <subfield code="0">0</subfield>
   <subfield code="1">0</subfield>
   <subfield code="2">ddc</subfield>
   <subfield code="4">1</subfield>
   <subfield code="6">658_300000000000000_142_HEN</subfield>
   <subfield code="7">0</subfield>
   <subfield code="9">14444</subfield>
   <subfield code="a">BRACUL</subfield>
   <subfield code="b">BRACUL</subfield>
   <subfield code="c">SPS</subfield>
   <subfield code="d">2011-02-26</subfield>
   <subfield code="l">5</subfield>
   <subfield code="m">4</subfield>
   <subfield code="o">658.3142 HEN</subfield>
   <subfield code="p">3010014318</subfield>
   <subfield code="r">2017-02-23</subfield>
   <subfield code="s">2017-01-26</subfield>
   <subfield code="t">3</subfield>
   <subfield code="w">2011-02-26</subfield>
   <subfield code="y">BK</subfield>
  </datafield>
 </record>
</collection>
